Alien Franchise - Statistics

General Stats
  • This quiz has been taken 70 times
    58 since last reset
  • The average score is 52 of 250
Answer Stats
Type Year Name Info % Correct
Film 1979 Alien 20th Century Fox
100%
Novel 1979 Alien Alan Dean Foster
100%
Board Game 1979 Alien Editrice Giochi / Kenner
100%
Video Game 1982 Alien Fox Video Games
100%
Video Game 1982 Alien Personal Software Services
100%
Video Game 1984 Alien Argus Press Software
100%
Graphic Novel 1979 Alien: The Illustrated Story Heavy Metal
100%
Video Game 1982 The Alien Avalon Hill
100%
Film 1992 Alien 3 20th Century Fox
93%
Novel 1992 Alien 3 Alan Dean Foster
93%
Comic Mini-Series 1992 Alien 3 Dark Horse Comics
93%
Video Game 1992 Alien 3 Acclaim Entertainment / Virgin Interactive Entertainment
93%
Video Game 1993 Alien 3 LJN
93%
Film 1986 Aliens 20th Century Fox
93%
Novel 1986 Aliens Alan Dean Foster
93%
Board Game 1989 Aliens Leading Edge Games
93%
Video Game 1990 Aliens Konami
93%
Board Game 2001 Aliens Warp Spawn Games
93%
Board Game 1997 Aliens/Predator Harper Prism / Precedence Publishing
93%
Video Game 1986 Aliens: The Computer Game Activision / Electric Dreams Software
93%
Video Game 1987 Aliens: The Computer Game Electric Dreams Software / Ricochet
93%
Comic Mini-Series 1988-1989 Aliens Vol. 1 Dark Horse Comics
93%
Comic Mini-Series 1989-1990 Aliens Vol. 2 Dark Horse Comics
93%
Comic Mini-Series 1992 Dark Horse Presents: Aliens Dark Horse Comics
93%
Comic Mini-Series 2018-2019 William Gibson's Alien 3 Dark Horse Comics
93%
Video Game 1993 Alien vs Predator Activision / IGS
86%
Video Game 1994 Alien vs. Predator Capcom
86%
Video Game 1994 Alien vs Predator Atari / Mumin Corporation
86%
Cancelled Video Game 1994 Alien vs Predator Atari
86%
Video Game 2004 Alien vs. Predator Superscape / 3D Wireless Games
86%
Video Game 2004 Alien vs. Predator Elite Systems
86%
Film 2004 Alien vs. Predator 20th Century Fox
86%
Film 2012 Prometheus 20th Century Fox
84%
Novel 2012 Prometheus Joe Spies / Damon Lindelof
84%
Film 1997 Alien Resurrection 20th Century Fox
72%
Novel 1997 Alien Resurrection A. C. Crispin
72%
Comic Mini-Series 1997 Alien: Resurrection Dark Horse Comics
72%
Video Game 2000 Alien Resurrection Fox Interactive
72%
Cancelled Video Game 2000 Alien: Resurrection Fox Interactive
72%
Film 2017 Alien: Covenant 20th Century Fox
67%
Novel 2017 Alien: Covenant Alan Dean Foster
67%
Video Game 2017 Alien Covenant Raw Thrills
67%
Video Game 2007 Aliens vs. Predator: Requiem Vivendi Games
63%
Film 2007 Aliens vs. Predator: Requiem 20th Century Fox
63%
Video Game 2007 Alien vs. Predator 2 2D: Requiem Superscape
63%
Comic Mini-Series 2014 Alien: Isolation Dark Horse Comics
53%
Video Game 2014 Alien: Isolation Sega
53%
Novel 2019 Alien: Isolation Keith DeCandido
53%
Web Series 2019 Alien: Isolation - The Digital Series IGN
53%
Film 1980 Alien 2: On Earth Cinema Shares International Distribution / Fiesta Films
35%
Video Game 1987 Aliens: Alien 2 Square
33%
Comic Mini-Series 1993-1994 Aliens: Colonial Marines Dark Horse Comics
30%
Cancelled Video Game 2002 Aliens: Colonial Marines EA
30%
Video Game 2013 Aliens: Colonial Marines Sega
30%
Video Game 1999 Aliens versus Predator Fox Interactive / Rebellion Developments
28%
Video Game 2004 Aliens Versus Predator Ubisoft
28%
Role-Playing Game 2009 Aliens Versus Predator (Web Published)
28%
Comic Mini-Series 1989-1990 Aliens vs. Predator Dark Horse Comics
28%
Comic Mini-Series 1990 Aliens vs. Predator Dark Horse Comics
28%
Comic Mini-Series 1990 Aliens vs. Predator Dark Horse Comics
28%
Video Game 2010 Aliens vs. Predator Sega
28%
Board Game 2010 Aliens vs. Predator Zvezda
28%
Board Game 2010 Aliens vs. Predator ????
28%
Novel 2004 Aliens vs. Predator: The Movie Novelization Marc Cesarini
28%
Comic Mini-Series 1997 Dark Horse Classics - Aliens versus Predator Dark Horse Comics
28%
Video Game 2021 Aliens: Fireteam Elite Cold Iron Studios
21%
Short Film 2019 Alien: Ore 20th Century Fox
12%
Video Game 1996 Alien Trilogy Acclaim Entertainment
12%
Video Game 2001 Aliens versus Predator 2 Sierra On-Line
9%
Comic Mini-Series 1992-1993 Aliens vs. Predator 2 Dark Horse Comics
9%
Comic Mini-Series 1995 Aliens vs. Predator: War Dark Horse Comics
9%
Novel 1999 Aliens vs. Predator: War Stephani Perry
9%
Total Reality Experience 1992-1996, 1999-2000 Alien War The Arches / SEC Centre
9%
Comic Mini-Series 1997, 2002-2003 Batman/Aliens Dark Horse Comics / DC Comics
9%
Video Game 2019 Alien: Blackout FoxNext / D3 Go / Theory Interactive / Rival Games
7%
Comic Mini-Series 1990 Aliens: Earth War Dark Horse Comics
7%
Comic Mini-Series 1992 Aliens: Hive Dark Horse Comics
7%
Comic Mini-Series 1992 Alien 3: Alone Dark Horse Comics
5%
Short Film 2019 Alien: Alone 20th Century Fox
5%
Video Game 2018 Alien: Descent Pure Imagination Studios
5%
Novel 2016 Alien: Invasion Tim Lebbon
5%
Novel 2014 Alien: Out of the Shadows Tim Lebbon
5%
Video Game 2014 Aliens: Armageddon Raw Thrills
5%
Comic Mini-Series 2018 Aliens: Dust to Dust Dark Horse Comics
5%
Comic Mini-Series 2014 Aliens: Fire and Stone Dark Horse Comics
5%
Comic Mini-Series 1991-1992 Aliens: Genocide Dark Horse Comics
5%
Novel 1993 Aliens: Genocide David Bischoff
5%
Comic Mini-Series 2016 Aliens: Life and Death Dark Horse Comics
5%
Comic One-Shot 1997 Aliens: Special Dark Horse Comics
5%
Comic Mini-Series 1998 Aliens: Survival Dark Horse Comics
5%
Video Game 2002 Aliens versus Predator 2: Primal Hunt Sierra Entertainment
5%
Novel 2016 Aliens vs. Predator: Armageddon Tim Lebbon
5%
Comic Mini-Series 2016 Aliens vs. Predator: Life and Death Dark Horse Comics
5%
Novel 1994 Aliens vs. Predator: Prey Steve Perry / Stephani Perry
5%
Comic Mini-Series 2000 Aliens vs. Predator: Xenogenesis Dark Horse Comics
5%
Comic Mini-Series 2014 Prometheus: Fire and Stone Dark Horse Comics
5%
Comic Mini-Series 2016 Prometheus: Life and Death Dark Horse Comics
5%
Comic Mini-Series 1995 Superman/Aliens Dark Horse Comics / DC Comics
5%
Video Game 1993 Alien 3: The Gun Sega
2%
Short Film 2019 Alien: Containment 20th Century Fox
2%
Short Film 2017 Alien: Covenant - Crew Messages 20th Century Fox
2%
Video Game 2017 Alien Covenant in Utero 20th Century Fox
2%
Short Film 2017 Alien: Covenant - Meet Walter 20th Century Fox
2%
Novel 2017 Alien: Covenant - Origins Alan Dean Foster
2%
Short Film 2017 Alien: Covenant - Prologue: Last Supper 20th Century Fox
2%
Short Film 2017 Alien: Covenant - Prologue: The Crossing 20th Century Fox
2%
Short Film 2017 Alien: Covenant - She Won't Go Quietly 20th Century Fox
2%
Novel 2019 Alien: Echo Mira Grant
2%
Short Film 2019 Alien: Harvest 20th Century Fox
2%
Comic Mini-Series 1994 Alien: Music of the Spears Dark Horse Comics
2%
Short Film 2019 Alien: Night Shift 20th Century Fox
2%
Video Game 2018 Alien: Offworld Colony Simulator 20th Century Fox
2%
Novel 2020 Alien: Phalanx Scott Sigler
2%
Novel 2019 Alien: Prototype Tim Waggoner
2%
Novel 2014 Alien: River of Pain Christopher Golden
2%
Comic Mini-Series 2016 Aliens 30th Anniversary: The Original Comic Series Dark Horse Comics
2%
Video Game 1995 Aliens: A Comic Book Adventure Mindscape
2%
Role-Playing Game 1991 Aliens Adventure Game Leading Edge Games
2%
Comic Mini-Series 1997 Aliens: Alchemy Dark Horse Comics
2%
Novel 1995 Aliens: Alien Harvest Robert Sheckley
2%
Comic Mini-Series 1999 Aliens: Apocalypse Dark Horse Comics
2%
Comic Mini-Series 1995 Aliens: Berserker Dark Horse Comics
2%
Novel 1998 Aliens: Berserker S. D. Perry
2%
Novel 2006 Aliens: Cauldron Diane Carey
2%
Comic Mini-Series 2012 Aliens: Colonial Marines - No Man Left Behind Dark Horse Comics
2%
Role-Playing Game 1995 ALIENS: Colonial Marines Technical Manual Boxtree Publishing
2%
Novel 2008 Aliens: Criminal Enterprise Stephani Perry
2%
Comic Mini-Series 1993-1994 Aliens: Crusade Dark Horse Comics
2%
Comic Mini-Series 2017 Aliens: Dead Orbit Dark Horse Comics
2%
Comic Mini-Series 2016-2017 Aliens: Defiance Dark Horse Comics
2%
Novel 2006 Aliens: DNA War Diane Carey
2%
Novel 2014 Alien: Sea of Sorrows James A. Moore
2%
Comic Mini-Series 1993-1994 Aliens: Earth Angel Dark Horse Comics
2%
Comic One-Shot 1994 Aliens: Earth Angel Dark Horse Comics
2%
Novel 1992 Aliens: Earth Hive Steve Perry
2%
Video Game 2006 Aliens: Extermination Global VR
2%
Comic Mini-Series 2011 Aliens: Fast Track to Heaven Dark Horse Comics
2%
Comic Mini-Series 2014 Aliens: Field Report Dark Horse Comics
2%
Comic Mini-Series 2009 Aliens - Free Comic Book Day Dark Horse Comics
2%
Role-Playing Game 2004 Aliens: Game Over (Web Published)
2%
Comic Mini-Series 1998 Aliens: Glass Corridor Dark Horse Comics
2%
Comic Mini-Series 1997 Aliens: Havoc Dark Horse Comics
2%
Video Game 2011 Aliens Infestation Sega
2%
Comic Mini-Series 2012 Aliens: Inhuman Condition Dark Horse Comics
2%
Cancelled Video Game 1991-1993 Aliens Interactive / Aliens Interactive CDI Dark Vision Interactive
2%
Comic Mini-Series 1997-1998 Aliens: Kidnapped Dark Horse Comics
2%
Board Game 2004 Alien Skirmish Warp Spawn Games
2%
Comic Mini-Series 1993-1994 Aliens: Labyrinth Dark Horse Comics
2%
Novel 1996 Aliens: Labyrinth S. D. Perry
2%
Comic One-Shot 1996 Aliens: Lovesick Dark Horse Comics
2%
Comic One-Shot 1996 Aliens: Mondo Heat Dark Horse Comics
2%
Comic Mini-Series 1994 Aliens: Mondo Pest Dark Horse Comics
2%
Comic Mini-Series 2009 Aliens: More Than Human Dark Horse Comics
2%
Novel 1996 Aliens: Music of the Spears Yvonne Navarro
2%
Comic Mini-Series 1992 Aliens: Newt's Tale Dark Horse Comics
2%
Novel 1993 Aliens: Nightmare Asylum Steve Perry
2%
Novel 2008 Aliens: No Exit B. K. Evenson
2%
Video Game 1998 Aliens Online GameStorm / Kesmai / Fox Interactive
2%
Novel 2005 Aliens: Original Sin Michael Jan Friedman
2%
Short Film 2019 Alien: Specimen 20th Century Fox
2%
Comic One-Shot 1997 Aliens: Pig Dark Horse Comics
2%
Card Game 1997 Aliens Predator Customizable Card Game Precedence Entertainment / Harper Prism
2%
Card Game 1998 Aliens Predator Customizable Card Game: Alien Resurrection Expansion Set Precedence Entertainment / Harper Prism
2%
Guide Book 2006 Aliens/Predator: Panel to Panel N/A
2%
Comic One-Shot 1997 Aliens: Purge Dark Horse Comics
2%
Comic Mini-Series 2019 Aliens: Rescue Dark Horse Comics
2%
Comic Mini-Series 2019 Aliens: Resistance Dark Horse Comics
2%
Comic Mini-Series 1993 Aliens: Rogue Dark Horse Comics
2%
Novel 1995 Aliens: Rogue Sandy Schofield
2%
Comic Mini-Series 1993 Aliens: Sacrifice Dark Horse Comics
2%
Comic Mini-Series 1993 Aliens: Salvation Dark Horse Comics
2%
Comic Mini-Series 1992 Aliens: Space Marines Dark Horse Comics
2%
Comic Mini-Series 1998 Aliens: Stalker Dark Horse Comics
2%
Novel 2007 Aliens: Steel Egg John Shirley
2%
Comic Mini-Series 1994 Aliens: Stronghold Dark Horse Comics
2%
Video Game 2001 Aliens: Thanatos Encounter THQ
2%
Novel 1993 Aliens: The Female War Steve Perry / Stephani Perry
2%
Comic Mini-Series 2017 Aliens: The Original Comic Series Volume 2 Dark Horse Comics
2%
Board Game 2010 Aliens: This Time It's War (Self-Published)
2%
Comic Mini-Series 1992 Aliens: Tribes Dark Horse Comics
2%
Role-Playing Game 2000 Alien Subversion (Web Published)
2%
Video Game 2003 Aliens: Unleashed Sorrent
2%
Video Game 2003 Aliens Versus Predator: Extinction EA
2%
Comic Mini-Series 2000 Aliens versus Predator versus The Terminator Dark Horse Comics
2%
Video Game 2016 Aliens vs. Pinball Zen Studios
2%
Board Game 1998 Aliens vs. Predator: Alien Resurrection Expansion Set Harper Prism
2%
Comic Mini-Series 1999 Aliens vs. Predator: Annual Dark Horse Comics
2%
Comic Mini-Series 1994 Aliens vs. Predator: Blood Time Dark Horse Comics
2%
Comic Mini-Series 1995-1996 Aliens vs. Predator: Booty Dark Horse Comics
2%
Guide Book 2010 Aliens vs. Predator: Bradygames Official Strategy Guide Rick Barba
2%
Comic Mini-Series 2008 Aliens vs. Predator: Civilized Beasts Dark Horse Comics
2%
Comic Mini-Series 1993-1995 Aliens vs. Predator: Deadliest of the Species Dark Horse Comics
2%
Comic Mini-Series 2008 Aliens vs. Predator: Deadspace Dark Horse Comics
2%
Comic Mini-Series 1995 Aliens vs. Predator: Duel Dark Horse Comics
2%
Comic Mini-Series 1998 Aliens vs. Predator: Eternal Dark Horse Comics
2%
Novel 1997 Aliens vs. Predator: Hunter's Planet David Bischoff
2%
Guide Book 2007 Aliens vs. Predator: Requiem - Inside the Monster Shop Alec Gillis / Tom Woodruff, Jr.
2%
Comic Mini-Series 2007 Aliens vs. Predator: Sand Trap Dark Horse Comics
2%
Comic Mini-Series 1999 Aliens vs. Predator: The Web Dark Horse Comics
2%
Comic Mini-Series 2019-2020 Aliens vs. Predator: Thicker Than Blood Dark Horse Comics
2%
Comic Mini-Series 2010 Aliens vs. Predator: Three World War Dark Horse Comics
2%
Comic Mini-Series 2004 Aliens vs. Predator: Thrill of the Hunt Dark Horse Comics
2%
Comic Mini-Series 2005 Aliens vs. Predator: Whoever Wins... We Lose Dark Horse Comics
2%
Comic Mini-Series 1998 Aliens: Wraith Dark Horse Comics
2%
Comic Mini-Series 1999 Aliens: Xenogenesis Dark Horse Comics
2%
Novel 2018 Alien: The Cold Forge Alex White
2%
Guide Book 2001 Alien versus Predator 2: Prima's Official Strategy Guide Rick Barba
2%
Guide Book 2000 Alien versus Predator: Gold Edition: Prima's Official Strategy Guide N/A
2%
Guide Book 1999 Alien versus Predator: Prima's Official Strategy Guide N/A
2%
Video Game 2005 Alien vs. Predator 3D Superscape
2%
Board Game 2015 Alien vs Predator: Alien Warriors Expansion Prodos Games, Ltd
2%
Guide Book 2004 Alien vs. Predator: The Creature Effects of ADI Alec Gillis / Tom Woodruff, Jr.
2%
Board Game 2015 Alien vs Predator: The Hunt Begins Prodos Games, Ltd
2%
Video Game 1993 Alien vs Predator: The Last of His Clan Activision
2%
Board Game 2017 Alien vs Predator: Unleashed Prodos Games, Ltd
2%
Video Game 2014 AVP: Evolution Fox Digital Entertainment
2%
Board Game 2018 AVP: Evolved Aliens Prodos Games
2%
Board Game 2019 AVP: Hot Landing Zone Prodos Games
2%
Video Game 2007 AVP: PredAlien Builder and Game ????
2%
Video Game 2007 AVPR: Combat Evolved Gameloft
2%
Video Game 2007 AvP: VU 20th Century Fox
2%
Theme Park Attraction 2009-2013 AVPX Dreamworld
2%
Board Game 2016 Battle Yahtzee: Alien vs. Predator USAopoly
2%
Role-Playing Game 2015 Christmas on the Moon (Web Published)
2%
Board Game 2016 CLUE: Alien vs. Predator USAopoly
2%
Video Game 2007 CR: Alien vs. Predator Cross Media International / 20th Century Fox
2%
Comic Mini-Series 2000 Green Lantern Versus Aliens DC Comics / Dark Horse Comics
2%
Comic Mini-Series 1992 Illegal Aliens Dark Horse Comics
2%
Short Film 2012 Introducing the Next Generation David 20th Century Fox
2%
Comic Mini-Series 2002-2003 Judge Dredd vs. Aliens Rebellion Developments / Dark Horse Comics
2%
Card Game 2014 Legendary Encounters: An Alien Deck Building Game Upper Deck Entertainment
2%
Card Game 2016 Legendary Encounters: An Alien Deck Building Game Expansion Upper Deck Entertainment
2%
Role-Playing Game 1999 Mars Patrol (Web Published)
2%
Comic Mini-Series 2000-2001 Mindhunter Top Cow Productions / Dark Horse Comics
2%
Board Game 1988 Obcy Gambit
2%
Cancelled Video Game 1992 Operation: Aliens Tiger Electronics
2%
Board Game 1993 Operation: Aliens Peter Pan Playthings Ltd
2%
Comic Mini-Series 1994 Operation: Aliens Dark Horse Comics
2%
Comic Mini-Series 2016-2017 Predator vs. Judge Dredd vs. Aliens: Splice and Dice Rebellion Developments / Dark Horse Comics
2%
Comic One-Shot 2015 Prometheus: Fire and Stone - Omega Dark Horse Comics
2%
Comic Mini-Series 2017 Prometheus: Life and Death - Final Conflict Dark Horse Comics
2%
Short Film 2012 Prometheus: Quiet Eye 20th Century Fox
2%
Comic Mini-Series 2015 Prometheus: The Complete Fire and Stone Dark Horse Comics
2%
Comic Mini-Series 2002 Superman/Aliens 2: God War Dark Horse Comics / DC Comics
2%
Comic Mini-Series 2007 Superman and Batman versus Aliens and Predator DC Comics / Dark Horse Comics
2%
Short Film 2012 TED 2023 20th Century Fox
2%
Comic Mini-Series 1993 The Compleat Aliens Dark Horse Comics
2%
Role-Playing Game 2004 The Hunt (Web Published)
2%
Card Game 2016 Vs System 2PCG: The Alien Battles Upper Deck Entertainment
2%
Comic One-Shot 1998 WildC.A.T.s/Aliens Image Comics / Dark Horse Comics
2%
No matching quizzes found
Score Distribution
Percent of People with Each Score
Percentile by Number Answered
Your Score History
You have not taken this quiz since the last reset